[Event "World-ch (Women) k.o."]
[Site "Khanty-Mansiysk"]
[Date "2012.11.12"]
[Round "1.2"]
[White "Khurtsidze, Nino"]
[Black "Dembo, Yelena"]
[Result "1-0"]
[WhiteElo "2428"]
[BlackElo "2454"]
[PlyCount "89"]
[EventDate "2012.11.11"]
[EventType "k.o."]
[EventRounds "6"]
[EventCountry "RUS"]
[SourceTitle "CBM 152"]
[Source "ChessBase"]
[SourceDate "2013.01.15"]
[SourceVersion "1"]
[SourceVersionDate "2013.01.15"]
[SourceQuality "1"]

1. d4 Nf6 2. c4 g6 3. Nf3 Bg7 4. g3 0-0 5. Bg2 d6 6. 0-0 Nc6 7. Nc3 Bf5 8. b3 Ne4 9. Nd5 Bd7 10. Bb2 e6 11. Nf4 f5 12. e3 Qe8 13. Nd3 g5 14. Nd2 Qg6 15. b4 Rae8 16. b5 Nd8 17. f3 Nxd2 18. Qxd2 b6 19. a4 h5 20. c5 h4 21. cxd6 cxd6 22. Rac1 hxg3 23. hxg3 Rf7 24. Rc7 Bf8 25. Rxa7 Rh7 26. Ra6 Ree7 27. Rxb6 f4 28. gxf4 gxf4 29. Nxf4 Qg3 30. Qe1 Qh2+ 31. Kf2 Reg7 32. Rg1 Nf7 33. Rb7 Ng5 34. Rxd7 Qg3+ 35. Ke2 Qxe1+ 36. Rxe1 Rxd7 37. b6 Rb7 38. a5 Rb8 39. Rc1 Ra8 40. Bc3 e5 41. Nd5 Rh2 42. Kf1 Bg7 43. b7 Rf8 44. Kg1 Rh4 45. Be1 1-0

[Event "World-ch (Women) k.o."]
[Site "Khanty-Mansiysk"]
[Date "2012.11.11"]
[Round "1.1"]
[White "Dembo, Yelena"]
[Black "Khurtsidze, Nino"]
[Result "1/2-1/2"]
[WhiteElo "2454"]
[BlackElo "2428"]
[PlyCount "83"]
[EventDate "2012.11.11"]
[EventType "k.o."]
[EventRounds "6"]
[EventCountry "RUS"]
[SourceTitle "CBM 152"]
[Source "ChessBase"]
[SourceDate "2013.01.15"]
[SourceVersion "1"]
[SourceVersionDate "2013.01.15"]
[SourceQuality "1"]

1. e4 c5 2. Nf3 e6 3. d3 Nc6 4. g3 d6 5. Bg2 Nf6 6. 0-0 Be7 7. Re1 Bd7 8. c3 Rc8 9. a3 b5 10. d4 cxd4 11. cxd4 d5 12. exd5 Nxd5 13. Nbd2 0-0 14. Ne4 Qb6 15. Bg5 Bxg5 16. Nexg5 Nf6 17. Qd3 Rcd8 18. Ne4 Nxe4 19. Qxe4 h6 20. Rac1 Ne7 21. Ne5 Bc8 22. Red1 Rd6 23. Qf4 Bb7 24. Bxb7 Qxb7 25. Rc5 Qb6 26. Rdc1 a6 27. b4 Qd8 28. Rd1 f6 29. Nf3 Qd7 30. Rdc1 Nc6 31. Kg2 Nxd4 32. Rc7 Qd8 33. Rc8 Qb6 34. Rxf8+ Kxf8 35. Rc8+ Ke7 36. Qg4 g5 37. Qe4 Rd7 38. Qh7+ Kd6 39. Qd3 Ke7 40. Qh7+ Kd6 41. Qd3 Ke7 42. Qh7+ 1/2-1/2

[Event "Olympiad Women-40"]
[Site "Istanbul"]
[Date "2012.09.06"]
[Round "9.1"]
[White "Dembo, Yelena"]
[Black "Vazquez Maccarini, Danitza"]
[Result "1-0"]
[WhiteElo "2457"]
[BlackElo "1916"]
[PlyCount "75"]
[EventDate "2012.08.28"]
[EventType "team-swiss"]
[EventRounds "11"]
[EventCountry "TUR"]
[SourceTitle "CBM 150 Extra"]
[Source "ChessBase"]
[SourceDate "2012.10.19"]
[SourceVersion "1"]
[SourceVersionDate "2012.10.19"]
[SourceQuality "1"]
[WhiteTeam "Greece (W)"]
[BlackTeam "Puerto Rico (W)"]
[WhiteTeamCountry "GRE"]
[BlackTeamCountry "PUR"]

1. e4 c5 2. Nf3 e6 3. Nc3 a6 4. d4 cxd4 5. Nxd4 Qc7 6. Bd3 Bc5 7. Nb3 Be7 8. Qg4 Bf6 9. 0-0 d6 10. Bg5 h5 11. Qh4 Nd7 12. Bxf6 Ngxf6 13. f4 b5 14. a3 Bb7 15. Rae1 e5 16. Kh1 0-0-0 17. a4 b4 18. Na2 a5 19. fxe5 Nxe5 20. Nd4 Ng6 21. Qh3+ Kb8 22. c3 Bc8 23. Qe3 Ng4 24. Qg1 N6e5 25. Be2 b3 26. Nc1 Bb7 27. Ncxb3 Bxe4 28. Bxg4 hxg4 29. Rxe4 g3 30. h3 Nd3 31. Qe3 Nf2+ 32. Rxf2 gxf2 33. Qxf2 Qb7 34. Re7 Rd7 35. Nxa5 Qc7 36. Nb5 Qc8 37. Qb6+ Ka8 38. Rxd7 1-0

[Event "Olympiad Women-40"]
[Site "Istanbul"]
[Date "2012.08.29"]
[Round "2.1"]
[White "Petrenko, Svetlana"]
[Black "Dembo, Yelena"]
[Result "0-1"]
[WhiteElo "2199"]
[BlackElo "2457"]
[PlyCount "54"]
[EventDate "2012.08.28"]
[EventType "team-swiss"]
[EventRounds "11"]
[EventCountry "TUR"]
[SourceTitle "CBM 150 Extra"]
[Source "ChessBase"]
[SourceDate "2012.10.19"]
[SourceVersion "1"]
[SourceVersionDate "2012.10.19"]
[SourceQuality "1"]
[WhiteTeam "Moldova (W)"]
[BlackTeam "Greece (W)"]
[WhiteTeamCountry "MDA"]
[BlackTeamCountry "GRE"]

1. e4 c5 2. Nf3 Nc6 3. d4 cxd4 4. Nxd4 Nf6 5. Nc3 d6 6. Be2 g6 7. 0-0 Bg7 8. Nb3 0-0 9. Kh1 a6 10. f4 Bd7 11. Bf3 Rc8 12. Be3 b5 13. Qd2 Bg4 14. Bxg4 Nxg4 15. Bg1 Nf6 16. Rae1 Na5 17. Nxa5 Qxa5 18. e5 b4 19. Nd1 dxe5 20. Rxe5 Qxa2 21. Rxe7 Rfd8 22. Qe2 a5 23. f5 a4 24. fxg6 hxg6 25. c3 Qc4 26. cxb4 Qxb4 27. Be3 Qxe7 0-1

[Event "Olympiad Women-40"]
[Site "Istanbul"]
[Date "2012.08.28"]
[Round "1.1"]
[White "Gamboa Alvarado, Olga Leticia"]
[Black "Dembo, Yelena"]
[Result "0-1"]
[WhiteElo "1890"]
[BlackElo "2457"]
[PlyCount "48"]
[EventDate "2012.08.28"]
[EventType "team-swiss"]
[EventRounds "11"]
[EventCountry "TUR"]
[SourceTitle "CBM 150 Extra"]
[Source "ChessBase"]
[SourceDate "2012.10.19"]
[SourceVersion "1"]
[SourceVersionDate "2012.10.19"]
[SourceQuality "1"]
[WhiteTeam "Costa Rica (W)"]
[BlackTeam "Greece (W)"]
[WhiteTeamCountry "CRI"]
[BlackTeamCountry "GRE"]

1. d4 Nf6 2. c4 g6 3. Nc3 Bg7 4. e4 d6 5. f4 0-0 6. Nf3 c5 7. d5 e6 8. dxe6 fxe6 9. Bd3 Nc6 10. a3 Nh5 11. Ne2 e5 12. g3 exf4 13. Nxf4 Nxf4 14. gxf4 Bg4 15. 0-0 Nd4 16. Be2 Qe7 17. e5 Nxe2+ 18. Qxe2 dxe5 19. Qe4 Bxf3 20. Rxf3 Rae8 21. Be3 b6 22. Rd1 exf4 23. Qd5+ Kh8 24. Bxf4 Rd8 0-1

[Event "WchT (Women) 3rd"]
[Site "Mardin"]
[Date "2011.12.24"]
[Round "6"]
[White "Hou, Yifan"]
[Black "Dembo, Yelena"]
[Result "1-0"]
[WhiteElo "2578"]
[BlackElo "2468"]
[PlyCount "79"]
[EventDate "2011.12.18"]
[EventType "team-tourn"]
[EventRounds "9"]
[EventCountry "TUR"]
[SourceTitle "CBM 145 Extra"]
[Source "ChessBase"]
[SourceDate "2012.01.03"]
[SourceVersion "1"]
[SourceVersionDate "2012.01.03"]
[SourceQuality "1"]
[WhiteTeam "China (W)"]
[BlackTeam "Greece (W)"]
[WhiteTeamCountry "CHN"]
[BlackTeamCountry "GRE"]

1. e4 c5 2. Nf3 d6 3. Bb5+ Nc6 4. 0-0 Bd7 5. Re1 Nf6 6. c3 a6 7. Bxc6 Bxc6 8. d4 cxd4 9. cxd4 Bxe4 10. Nc3 Bxf3 11. Qxf3 e6 12. Qxb7 Qc8 13. Qf3 Be7 14. d5 e5 15. Bg5 Qd7 16. Bxf6 Bxf6 17. Ne4 Be7 18. Rac1 0-0 19. Rc6 f5 20. Nd2 e4 21. Qe2 Qa7 22. Nc4 Qd4 23. Qd2 Qf6 24. Qc3 Qf7 25. Rc7 Rad8 26. Na5 Qe8 27. Nc6 Rd7 28. Rxd7 Qxd7 29. Qa3 Bf6 30. Qxa6 Bxb2 31. a4 Bc3 32. Rb1 Qf7 33. Qc4 Bf6 34. a5 Qg6 35. a6 f4 36. a7 f3 37. g3 e3 38. Rb8 Bd8 39. a8Q e2 40. Qa1 1-0

[Event "Beijing Sportaccord blitz (Women)"]
[Site "Beijing"]
[Date "2011.12.13"]
[Round "12"]
[White "Dembo, Yelena"]
[Black "Muzychuk, Anna"]
[Result "1/2-1/2"]
[WhiteElo "2468"]
[BlackElo "2562"]
[PlyCount "71"]
[EventDate "2011.12.12"]
[EventType "swiss (blitz)"]
[EventRounds "15"]
[EventCountry "CHN"]
[SourceTitle "CBM 145 Extra"]
[Source "ChessBase"]
[SourceDate "2012.01.03"]
[SourceVersion "1"]
[SourceVersionDate "2012.01.03"]
[SourceQuality "1"]

1. e4 c5 2. Nf3 e6 3. Nc3 a6 4. d4 cxd4 5. Nxd4 b5 6. Bd3 d6 7. 0-0 Nf6 8. Qe2 Be7 9. a4 b4 10. Nd1 e5 11. Nb3 Nc6 12. Be3 0-0 13. a5 Be6 14. Bb6 Qc8 15. Ne3 Bd8 16. Bxd8 Rxd8 17. f4 Bxb3 18. cxb3 Nd4 19. Qd1 exf4 20. Rxf4 Qc5 21. Kh1 Qg5 22. g3 Nh5 23. Bc4 Nxf4 24. gxf4 Qc5 25. Rc1 Ne6 26. Qf3 Qd4 27. Rg1 Qf6 28. Nd5 Qxb2 29. f5 Nc5 30. f6 g6 31. Qf4 Qe5 32. Qh6 Qxe4+ 33. Rg2 Qe1+ 34. Rg1 Qe4+ 35. Rg2 Qe1+ 36. Rg1 1/2-1/2

[Event "EU-chT (Women) 18th"]
[Site "Porto Carras"]
[Date "2011.11.11"]
[Round "9.1"]
[White "Dembo, Yelena"]
[Black "Reizniece Ozola, Dana"]
[Result "1/2-1/2"]
[WhiteElo "2468"]
[BlackElo "2281"]
[PlyCount "49"]
[EventDate "2011.11.03"]
[EventType "team-swiss"]
[EventRounds "9"]
[EventCountry "GRE"]
[SourceTitle "EXT 2012"]
[Source "ChessBase"]
[SourceDate "2011.11.24"]
[SourceVersion "1"]
[SourceVersionDate "2011.11.24"]
[SourceQuality "1"]
[WhiteTeam "Greece (W)"]
[BlackTeam "Latvia (W)"]
[WhiteTeamCountry "GRE"]
[BlackTeamCountry "LAT"]

1. e4 e6 2. d4 d5 3. Nc3 Nf6 4. e5 Nfd7 5. f4 c5 6. Nf3 Nc6 7. Be3 Qb6 8. a3 a6 9. Be2 cxd4 10. Nxd4 Bc5 11. Na4 Qa5+ 12. c3 Bxd4 13. Bxd4 Nxd4 14. Qxd4 Qc7 15. b4 0-0 16. 0-0 b5 17. Nb2 Bb7 18. a4 bxa4 19. Nxa4 Rfc8 20. Ra3 Bc6 21. Nb2 Bb5 22. Bd3 g6 23. Rfa1 Rab8 24. Rc1 Rb6 25. Bxb5 1/2-1/2

[Event "SRB-chT (Women)"]
[Site "Valjevo"]
[Date "2011.08.30"]
[Round "4.6"]
[White "Dembo, Yelena"]
[Black "Petrovic, Marija"]
[Result "0-1"]
[WhiteElo "2471"]
[BlackElo "2169"]
[PlyCount "106"]
[EventDate "2011.08.27"]
[EventType "team-tourn"]
[EventRounds "11"]
[EventCountry "SRB"]
[SourceTitle "CBM 144 Extra"]
[Source "ChessBase"]
[SourceDate "2011.10.28"]
[SourceVersion "1"]
[SourceVersionDate "2011.10.28"]
[SourceQuality "1"]
[WhiteTeam "Belgrade BAS (W)"]
[BlackTeam "Pozarevac (W)"]
[WhiteTeamCountry "SRB"]
[BlackTeamCountry "SRB"]

1. e4 d5 2. exd5 Qxd5 3. Nc3 Qd6 4. d4 Nf6 5. Nb5 Qd8 6. c4 c6 7. Nc3 Bg4 8. f3 Be6 9. Bg5 h6 10. Be3 g6 11. Qd2 Bg7 12. 0-0-0 Na6 13. g4 Qa5 14. Kb1 Qb4 15. a3 Qa5 16. Nh3 0-0-0 17. Nf4 Bd7 18. Nd3 h5 19. Bf4 Be6 20. Ne5 Nc7 21. Be2 hxg4 22. Qc2 gxf3 23. b4 Qa6 24. Bc1 Nh5 25. b5 Qa5 26. Bd2 Rxd4 27. Nxf3 Rxd2 28. Nxd2 Qxc3 29. Qxc3 Bxc3 30. Ne4 Bf5 31. Bd3 Bxe4 32. Bxe4 cxb5 33. c5 Be5 34. Ka2 Nf6 35. Bf3 Ne6 36. c6 bxc6 37. Bxc6 Rxh2+ 38. Rxh2 Bxh2 39. Bxb5 g5 40. Rc1+ Bc7 41. Rd1 g4 42. Ba6+ Kb8 43. Rb1+ Bb6 44. a4 Kc7 45. Bf1 Nd5 46. Rc1+ Kd6 47. Rc8 Ne3 48. Bd3 Nc5 49. Bb5 g3 50. Rg8 g2 51. Be2 Nxa4 52. Bf3 Nc3+ 53. Kb3 Ncd5 0-1

[Event "SRB-chT (Women)"]
[Site "Valjevo"]
[Date "2011.08.29"]
[Round "3.2"]
[White "Milanovic, Maja"]
[Black "Dembo, Yelena"]
[Result "0-1"]
[WhiteElo "1863"]
[BlackElo "2471"]
[PlyCount "70"]
[EventDate "2011.08.27"]
[EventType "team-tourn"]
[EventRounds "11"]
[EventCountry "SRB"]
[SourceTitle "CBM 144 Extra"]
[Source "ChessBase"]
[SourceDate "2011.10.28"]
[SourceVersion "1"]
[SourceVersionDate "2011.10.28"]
[SourceQuality "1"]
[WhiteTeam "Belgrade Nestor (W)"]
[BlackTeam "Belgrade BAS (W)"]
[WhiteTeamCountry "SRB"]
[BlackTeamCountry "SRB"]

1. e4 c5 2. Nf3 d6 3. d4 cxd4 4. Nxd4 Nf6 5. Nc3 Nc6 6. Be2 g6 7. Be3 Bg7 8. 0-0 0-0 9. f4 Bd7 10. h3 Nxd4 11. Bxd4 Bc6 12. Bf3 Re8 13. Re1 e5 14. fxe5 dxe5 15. Be3 Qa5 16. a3 b5 17. Qd6 Re6 18. Qb4 Qd8 19. Red1 Qb8 20. Nd5 Qb7 21. Nxf6+ Bxf6 22. Bc5 a5 23. Qe1 Bg7 24. Rd2 Ree8 25. Rad1 f5 26. Re2 Qf7 27. b3 a4 28. Qb4 Rac8 29. Rde1 Red8 30. Bd6 Bxe4 31. Bxe4 fxe4 32. Rf2 Qe6 33. Bc5 Qc6 34. Be7 Rd4 35. Qa5 Ra8 0-1

[Event "SRB-chT (Women)"]
[Site "Valjevo"]
[Date "2011.08.27"]
[Round "1.3"]
[White "Benderac, Ana"]
[Black "Dembo, Yelena"]
[Result "1/2-1/2"]
[WhiteElo "2311"]
[BlackElo "2471"]
[PlyCount "68"]
[EventDate "2011.08.27"]
[EventType "team-tourn"]
[EventRounds "11"]
[EventCountry "SRB"]
[SourceTitle "CBM 144 Extra"]
[Source "ChessBase"]
[SourceDate "2011.10.28"]
[SourceVersion "1"]
[SourceVersionDate "2011.10.28"]
[SourceQuality "1"]
[WhiteTeam "Rudovci Radnicki (W)"]
[BlackTeam "Belgrade BAS (W)"]
[WhiteTeamCountry "SRB"]
[BlackTeamCountry "SRB"]

1. f4 d5 2. d4 g6 3. Nf3 Bg7 4. e3 Nf6 5. Be2 c5 6. 0-0 0-0 7. c3 b6 8. Ne5 Qd6 9. b4 Ne4 10. Ba3 c4 11. b5 Qc7 12. Bf3 Be6 13. Qc2 Nd6 14. Qb2 Qc8 15. Nd2 Nb7 16. h3 f6 17. Ng4 Re8 18. e4 dxe4 19. Nxe4 Nd7 20. Ngf2 Nf8 21. Rae1 Qc7 22. g3 Rad8 23. Re3 Bf7 24. Rfe1 Na5 25. Kg2 h5 26. h4 e5 27. dxe5 fxe5 28. Bxf8 Kxf8 29. fxe5 Rxe5 30. Ng5 Rde8 31. Rxe5 Rxe5 32. Nfe4 Qd7 33. Nxf7 Qxf7 34. Ng5 Qd7 1/2-1/2

[Event "EU-ch 12th"]
[Site "Aix les Bains"]
[Date "2011.03.30"]
[Round "8"]
[White "Dembo, Yelena"]
[Black "Kulaots, Kaido"]
[Result "1/2-1/2"]
[WhiteElo "2457"]
[BlackElo "2601"]
[PlyCount "29"]
[EventDate "2011.03.22"]
[EventType "swiss"]
[EventRounds "11"]
[EventCountry "FRA"]
[SourceTitle "CBM 142 Extra"]
[Source "ChessBase"]
[SourceDate "2011.06.27"]
[SourceVersion "1"]
[SourceVersionDate "2011.06.27"]
[SourceQuality "1"]

1. e4 c5 2. Nc3 e6 3. f4 d5 4. Nf3 Nc6 5. d3 g6 6. g3 Bg7 7. Bg2 Nge7 8. 0-0 0-0 9. Qe2 b6 10. g4 Qd7 11. Qf2 Bb7 12. Bd2 Nd4 13. Ne5 Qc7 14. exd5 exd5 15. Rac1 1/2-1/2

[Event "EU-ch 12th"]
[Site "Aix les Bains"]
[Date "2011.03.28"]
[Round "7"]
[White "Salgado Lopez, Ivan"]
[Black "Dembo, Yelena"]
[Result "1/2-1/2"]
[WhiteElo "2630"]
[BlackElo "2457"]
[PlyCount "70"]
[EventDate "2011.03.22"]
[EventType "swiss"]
[EventRounds "11"]
[EventCountry "FRA"]
[SourceTitle "CBM 142 Extra"]
[Source "ChessBase"]
[SourceDate "2011.06.27"]
[SourceVersion "1"]
[SourceVersionDate "2011.06.27"]
[SourceQuality "1"]

1. e4 c5 2. Nc3 Nc6 3. Nf3 d6 4. g3 g6 5. d4 cxd4 6. Nxd4 Nf6 7. Bg2 Nxd4 8. Qxd4 Bg7 9. 0-0 0-0 10. Qc4 Be6 11. Nd5 Rc8 12. Qb3 Nxd5 13. exd5 Bf5 14. c3 Qd7 15. a4 Rc7 16. a5 Rb8 17. Re1 h6 18. Ra4 Rc5 19. Qd1 Qd8 20. g4 Bd7 21. Rae4 Rxa5 22. Bf4 Bf8 23. Qd2 Kh7 24. b4 Ra4 25. Qd1 a5 26. h4 axb4 27. cxb4 Rba8 28. h5 Ra1 29. Bc1 Rc8 30. Qd2 Bg7 31. Bb2 Rxe1+ 32. Rxe1 Bxb2 33. Qxb2 Bxg4 34. hxg6+ fxg6 35. Qd4 Bf5 1/2-1/2

[Event "EU-ch 12th"]
[Site "Aix les Bains"]
[Date "2011.03.25"]
[Round "4"]
[White "Dembo, Yelena"]
[Black "Sreeves, Clement"]
[Result "1-0"]
[WhiteElo "2457"]
[BlackElo "2135"]
[PlyCount "45"]
[EventDate "2011.03.22"]
[EventType "swiss"]
[EventRounds "11"]
[EventCountry "FRA"]
[SourceTitle "CBM 142 Extra"]
[Source "ChessBase"]
[SourceDate "2011.06.27"]
[SourceVersion "1"]
[SourceVersionDate "2011.06.27"]
[SourceQuality "1"]

1. e4 c5 2. Nc3 Nc6 3. Bb5 Nd4 4. Bc4 e6 5. Nf3 Nf6 6. 0-0 a6 7. d3 b5 8. Bb3 Nxb3 9. axb3 Bb7 10. e5 Nd5 11. Ne4 d6 12. Re1 dxe5 13. Nxe5 Be7 14. Qg4 g6 15. Qh3 0-0 16. Bh6 f5 17. c4 Nb4 18. Bxf8 Bxf8 19. Re2 Qe7 20. Nc3 Bg7 21. Qe3 Qd6 22. cxb5 f4 23. Nc4 1-0

[Event "World-ch (Women) k.o."]
[Site "Antakya"]
[Date "2010.12.08"]
[Round "2.2"]
[White "Dembo, Yelena"]
[Black "Kosintseva, Tatiana"]
[Result "1/2-1/2"]
[WhiteElo "2454"]
[BlackElo "2581"]
[PlyCount "116"]
[EventDate "2010.12.04"]
[EventType "k.o."]
[EventRounds "6"]
[EventCountry "TUR"]
[SourceTitle "CBM 140"]
[Source "ChessBase"]
[SourceDate "2011.01.18"]
[SourceVersion "1"]
[SourceVersionDate "2011.01.18"]
[SourceQuality "1"]

1. e4 c5 2. Nf3 e6 3. Nc3 Nc6 4. d4 cxd4 5. Nxd4 d6 6. g4 a6 7. Be3 Nge7 8. Nb3 b5 9. f4 Bb7 10. Rg1 Rc8 11. Qd2 Ng6 12. Qf2 Qc7 13. a3 Be7 14. g5 b4 15. Nd1 bxa3 16. bxa3 e5 17. f5 Nf4 18. c4 h6 19. f6 gxf6 20. gxh6 f5 21. Nc3 fxe4 22. Bxf4 exf4 23. h7 f5 24. Qxf4 Rxh7 25. Qxf5 Rf7 26. Qe6 Ne5 27. 0-0-0 Qb6 28. Rg8+ Rf8 29. Nd5 Bxd5 30. Qxc8+ Kf7 31. Rxf8+ Bxf8 32. cxd5 Qxb3 33. Qe6+ Kg7 34. Qf5 Qxa3+ 35. Kb1 Qb3+ 36. Kc1 Be7 37. Be2 Qe3+ 38. Kb1 Qb6+ 39. Kc2 Qc5+ 40. Kb1 Qb4+ 41. Kc2 Qc5+ 42. Kb1 Qe3 43. Rf1 a5 44. Rf2 Qb3+ 45. Kc1 Qc3+ 46. Kb1 Qb4+ 47. Kc2 Qa4+ 48. Kb1 Qb3+ 49. Kc1 Qe3+ 50. Kb1 Bg5 51. Qf8+ Kh7 52. Qf5+ Kg7 53. Qf8+ Kh7 54. Qf5+ Ng6 55. Bh5 Qc1+ 56. Ka2 Qc4+ 57. Kb1 Qc1+ 58. Ka2 Qc4+ 1/2-1/2

[Event "World-ch (Women) k.o."]
[Site "Antakya"]
[Date "2010.12.07"]
[Round "2.1"]
[White "Kosintseva, Tatiana"]
[Black "Dembo, Yelena"]
[Result "0-1"]
[WhiteElo "2581"]
[BlackElo "2454"]
[PlyCount "80"]
[EventDate "2010.12.04"]
[EventType "k.o."]
[EventRounds "6"]
[EventCountry "TUR"]
[SourceTitle "CBM 140"]
[Source "ChessBase"]
[SourceDate "2011.01.18"]
[SourceVersion "1"]
[SourceVersionDate "2011.01.18"]
[SourceQuality "1"]

1. e4 c5 2. Nf3 d6 3. d4 cxd4 4. Nxd4 Nf6 5. Nc3 Nc6 6. Bg5 e6 7. Qd2 a6 8. 0-0-0 Bd7 9. f3 h6 10. Be3 b5 11. Kb1 Ne5 12. Bd3 Be7 13. g4 b4 14. Nce2 d5 15. exd5 Nxd5 16. Nf4 Nxe3 17. Qxe3 Qa5 18. h4 Nxd3 19. Nxd3 Qc7 20. Ne5 Rd8 21. g5 g6 22. Qe4 h5 23. Ndc6 Bxc6 24. Rxd8+ Qxd8 25. Nxc6 Qd6 26. Ne5 Qd5 27. Qxd5 exd5 28. Rd1 Bc5 29. Rxd5 Bf2 30. Rd8+ Kxd8 31. Nxf7+ Ke8 32. Nxh8 Bxh4 33. Kc1 Bg3 34. Kd1 Kf8 35. Nxg6+ Kf7 36. Nh8+ Kg7 37. Ke2 Be5 38. c4 bxc3 39. bxc3 Kxh8 40. c4 Bf4 0-1

[Event "Olympiad Women-39"]
[Site "Khanty-Mansiysk"]
[Date "2010.09.27"]
[Round "6.23"]
[White "Moser, Eva"]
[Black "Dembo, Yelena"]
[Result "0-1"]
[WhiteElo "2436"]
[BlackElo "2452"]
[PlyCount "80"]
[EventDate "2010.09.21"]
[EventType "team-swiss"]
[EventRounds "11"]
[EventCountry "RUS"]
[SourceTitle "CBM 139"]
[Source "ChessBase"]
[SourceDate "2010.11.18"]
[SourceVersion "1"]
[SourceVersionDate "2010.11.18"]
[SourceQuality "1"]
[WhiteTeam "Austria (W)"]
[BlackTeam "Greece (W)"]
[WhiteTeamCountry "AUT"]
[BlackTeamCountry "GRE"]

1. d4 Nf6 2. Nf3 g6 3. Nbd2 Bg7 4. e4 d6 5. Bd3 0-0 6. 0-0 c5 7. c3 cxd4 8. cxd4 Nc6 9. Re1 d5 10. e5 Ne8 11. h3 Nc7 12. Nb3 b6 13. Be3 a5 14. Rc1 Bd7 15. Qd2 Ne6 16. Na1 f5 17. exf6 exf6 18. Nc2 Qb8 19. h4 Qd6 20. h5 g5 21. Na3 Na7 22. Qc2 h6 23. Bh7+ Kh8 24. Bg6 b5 25. Qd2 b4 26. Nc2 Nc6 27. Red1 Ne7 28. Bd3 Be8 29. g4 f5 30. gxf5 Nxf5 31. Ne5 Bxh5 32. Be2 Be8 33. Bg4 Nh4 34. Ne1 Nf4 35. N1d3 h5 36. Nxf4 gxf4 37. Bxf4 hxg4 38. Qe3 Kg8 39. Qg3 Qf6 40. Rc7 Nf3+ 0-1

[Event "Olympiad Women-39"]
[Site "Khanty-Mansiysk"]
[Date "2010.09.23"]
[Round "3.32"]
[White "Lang, Heather"]
[Black "Dembo, Yelena"]
[Result "1/2-1/2"]
[WhiteElo "2025"]
[BlackElo "2452"]
[PlyCount "84"]
[EventDate "2010.09.21"]
[EventType "team-swiss"]
[EventRounds "11"]
[EventCountry "RUS"]
[SourceTitle "CBM 139"]
[Source "ChessBase"]
[SourceDate "2010.11.18"]
[SourceVersion "1"]
[SourceVersionDate "2010.11.18"]
[SourceQuality "1"]
[WhiteTeam "Scotland (W)"]
[BlackTeam "Greece (W)"]
[WhiteTeamCountry "SCO"]
[BlackTeamCountry "GRE"]

1. e4 c5 2. Nc3 Nc6 3. g3 g6 4. Bg2 Bg7 5. d3 d6 6. Be3 Nd4 7. Qd2 Qa5 8. f4 e6 9. Nf3 Ne7 10. 0-0 Nec6 11. e5 d5 12. a3 Nxf3+ 13. Bxf3 0-0 14. b4 cxb4 15. axb4 Qxb4 16. Rfb1 Qe7 17. Qf2 Re8 18. Bc5 Qd7 19. Nb5 f6 20. d4 b6 21. Bd6 Bb7 22. Nc7 Rec8 23. Nxa8 Bxa8 24. Be2 fxe5 25. fxe5 Na5 26. Ba6 Rd8 27. Rxa5 bxa5 28. Qd2 a4 29. Qb4 Bc6 30. Rf1 Re8 31. Qc5 Bh6 32. Rf3 Rd8 33. Rc3 Ba8 34. Bb5 Qf7 35. Be7 Bf8 36. Bd6 Bxd6 37. exd6 Rf8 38. Qc8 Qf2+ 39. Kh1 Qe1+ 40. Kg2 Qd2+ 41. Kh3 Qh6+ 42. Kg2 Qd2+ 1/2-1/2